LEADER 01179cam0-2200361---450 001 990005545830403321 005 20240216115514.0 035 $a000554583 035 $aFED01000554583 035 $a(Aleph)000554583FED01 035 $a000554583 100 $a19990604e19661929km-y0itay50------ba 101 0 $aita 102 $aIT 105 $ay---n---001yy 200 1 $aCodice diplomatico longobardo$fa cura di Luigi Schiaparelli 210 $aTorino$cBottega d'Erasmo$d1966-1968 215 $a2 v.$d25 cm 225 1 $aFonti per la storia d'Italia$v62$fpubblicate dall'Istituto storico italiano per l'età moderna e contemporanea 300 $aRipr. anast. dell'ed.: Roma : Tipografia del Senato, 1929-1933 610 0 $aLongobardi$aStoria$aFonti 676 $a945.015 702 1$aSchiaparelli,$bLuigi$f<1871-1934> 801 0$aIT$bUNINA$gRICA$2UNIMARC 901 $aBK 912 $a990005545830403321 952 $a945 ISIME 01 (062) bis$bST.ARTE 12214$fFLFBC 952 $a945 ISIME 01 (063) bis$bST.ARTE 12214$fFLFBC 952 $aV Z 26$b19997$fFGBC 959 $aFGBC 959 $aFLFBC 996 $aCodice diplomatico longobardo$9485551 997 $aUNINA